Statystyki dla Najwięksi producenci pszenicy

Kliknij tutaj aby rozwiązać quiz!

Ogólne statystyki

  • Ten quiz został rozwiązany 50 razy
  • Średni wynik to 8 z 10

Statystyki odpowiedzi

Ilość (t)Państwo% Poprawnych
131 450 000Chiny
100%
72 150 000Rosja
95%
35 800 000Francja
91%
20 250 000Niemcy
91%
24 650 000Ukraina
91%
51 300 000USA
91%
99 700 000Indie
88%
31 750 000Kanada
74%
20 950 000Australia
65%
25 100 000Pakistan
37%

Rozkład punktacji

Percentyl według liczby udzielonych odpowiedzi

Procent ludzi z każdym wynikiem

Twoja historia wyników

Nie rozwiązałeś tego quizu